| Record ID | talis_openlibrary_contribution/talis-openlibrary-contribution.mrc:75865290:536 |
| Source | Talis |
| Download Link | /show-records/talis_openlibrary_contribution/talis-openlibrary-contribution.mrc:75865290:536?format=raw |
LEADER: 00536cam a2200145 a 4500
001 cdeaa71ea8884d3caa2256ba44a788e7
003 UK-BiTAL
005 20050705112455.0
008 900309s1864 xxk | 000 ||eng|d
035 $a()x6318111
040 $dBR$dUK-BiTAL
100 1 $aMartin, William$c(dramatist)
245 10 $aChang-Ching-Fou, cream of Tartar, or; The prince, the princess and the mandarin :$ban original Chinese burlesque extravaganza.
260 $aLondon :$bThomas Hailes Lacy,$c[1864?]
490 0 $aLacy's acting edition of plays [1850-18-?]; 68